Práce na dálku, ano, či ne?
Mnohé štúdie dokazujú, že pracujúci na diaľku sú produktívnejší a dokážu lepšie zladiť prácu s osobným životom. Sedieť za počítačom ešte neznamená pracovať. Ako dosiahnuť, aby práca na diaľku skutočne fungovala. Homeworking je výzvou predovšetkým pre manažérov. Práca doma - príručka pre začiatočníko...
Salvato in:
| Natura: | Capitolo di libro |
|---|---|
| Lingua: | ceco |
| Soggetti: | |
| Tags: |
Nessun Tag, puoi essere il primo ad aggiungerne!!
|
MARC
| LEADER | 00000naa a2200000 4500 | ||
|---|---|---|---|
| 001 | 0182260 | ||
| 005 | 20231211094625.6 | ||
| 041 | 0 | |a cze | |
| 044 | |a CZ | ||
| 245 | 1 | 0 | |a Práce na dálku, ano, či ne? |
| 520 | |a Mnohé štúdie dokazujú, že pracujúci na diaľku sú produktívnejší a dokážu lepšie zladiť prácu s osobným životom. Sedieť za počítačom ešte neznamená pracovať. Ako dosiahnuť, aby práca na diaľku skutočne fungovala. Homeworking je výzvou predovšetkým pre manažérov. Práca doma - príručka pre začiatočníkov. | ||
| 610 | 2 | 0 | |a práca |
| 610 | 2 | 0 | |a práca z domu |
| 610 | 2 | 0 | |a zamestnanci |
| 610 | 2 | 0 | |a zamestnávatelia |
| 610 | 2 | 0 | |a výkony pracovné |
| 610 | 2 | 0 | |a produktivita |
| 610 | 2 | 0 | |a manažment |
| 610 | 2 | 0 | |a manažéri |